000
00298nam a2200121Ia 4500
008
190216s9999||||xx |||||||||||||| ||und||
100
_a
Joseph Paullous
245
0
_a
Rasathandram
260
_b
Kerala Bhasha Institute
_c
1973
300
_a
453p
650
_a
Chemistry-Chemistry
942
_c
BK
999
_c
40411
_d
40411